<?xml version="1.0" encoding="UTF-8"?>
<record
    xmlns:xsi="http://www.w3.org/2001/XMLSchema-instance"
    xsi:schemaLocation="http://www.loc.gov/MARC21/slim http://www.loc.gov/standards/marcxml/schema/MARC21slim.xsd"
    xmlns="http://www.loc.gov/MARC21/slim">

  <leader>01616nam a2200301 a 4500</leader>
  <controlfield tag="001">1386245</controlfield>
  <controlfield tag="003">CO-MqBPB</controlfield>
  <controlfield tag="005">20221010130029.0</controlfield>
  <controlfield tag="008">130221s2012    sp     gr     000 fdspa d</controlfield>
  <datafield tag="020" ind1=" " ind2=" ">
    <subfield code="a">9789584252272</subfield>
  </datafield>
  <datafield tag="040" ind1=" " ind2=" ">
    <subfield code="a">CO-MqBPB</subfield>
    <subfield code="b">spa </subfield>
    <subfield code="c">CO-MqBPB</subfield>
  </datafield>
  <datafield tag="041" ind1="0" ind2=" ">
    <subfield code="a">spa</subfield>
  </datafield>
  <datafield tag="043" ind1=" " ind2=" ">
    <subfield code="a">e-sp---</subfield>
  </datafield>
  <datafield tag="082" ind1="0" ind2="4">
    <subfield code="a">AN</subfield>
    <subfield code="b">ITUb</subfield>
  </datafield>
  <datafield tag="100" ind1="1" ind2=" ">
    <subfield code="a">Iturbe, Antonio G, </subfield>
    <subfield code="d">1967-</subfield>
  </datafield>
  <datafield tag="245" ind1="1" ind2="3">
    <subfield code="a">La bibliotecaria de Auschwitz / </subfield>
    <subfield code="c">Antonio G. Iturbe.</subfield>
  </datafield>
  <datafield tag="250" ind1=" " ind2=" ">
    <subfield code="a">Sexta Edici&#xF3;n</subfield>
  </datafield>
  <datafield tag="260" ind1=" " ind2=" ">
    <subfield code="a">Bogot&#xE1; D.C. , Colombia : </subfield>
    <subfield code="b">Editorial Planeta Clombiana, </subfield>
    <subfield code="c">2022.</subfield>
  </datafield>
  <datafield tag="300" ind1=" " ind2=" ">
    <subfield code="a">496 p&#xE1;ginas. ; </subfield>
    <subfield code="c">19 cm.</subfield>
  </datafield>
  <datafield tag="500" ind1=" " ind2=" ">
    <subfield code="a">Sobre el fango negro de Auschwitz que todo lo engulle, Fredy Hirsch ha levantado en secreto una escuela. En un lugar donde los libros est&#xE1;n prohibidos, la joven Dita esconde bajo su vestido los fr&#xE1;giles vol&#xFA;menes de la biblioteca p&#xFA;blica m&#xE1;s peque&#xF1;a, rec&#xF3;ndita y clandestina que haya existido nunca. En medio del horror, Dita nos da una maravillosa lecci&#xF3;n de coraje: no se rinde y nunca pierde las ganas de vivir ni de leer porque, incluso en ese terrible campo de exterminio, &#xAB;empezar un libro es como subirse a un tren que te lleva de vacaciones&#xBB;. Una emocionante novela basada en hechos reales que rescata del olvido una de las m&#xE1;s conmovedoras historias de hero&#xED;smo cultural.</subfield>
  </datafield>
  <datafield tag="504" ind1=" " ind2=" ">
    <subfield code="a">Bibliograf&#xFFFD;a: p. 481.</subfield>
  </datafield>
  <datafield tag="650" ind1=" " ind2="4">
    <subfield code="a">Novela espa&#xFFFD;ola</subfield>
    <subfield code="y"> Siglo XXI.</subfield>
  </datafield>
  <datafield tag="650" ind1=" " ind2="4">
    <subfield code="a">Guerra Mundial II, 1939-1945</subfield>
    <subfield code="v"> Novela.</subfield>
  </datafield>
  <datafield tag="650" ind1=" " ind2="4">
    <subfield code="a">Servicios bibliotecarios</subfield>
    <subfield code="y"> 1939-1945</subfield>
    <subfield code="v"> Novela.</subfield>
  </datafield>
  <datafield tag="651" ind1=" " ind2="4">
    <subfield code="a">Auschwitz (Polonia : Campo de concentraci&#xFFFD;n)</subfield>
    <subfield code="v"> Novela.</subfield>
  </datafield>
  <datafield tag="942" ind1=" " ind2=" ">
    <subfield code="c">BKLIT</subfield>
  </datafield>
  <datafield tag="949" ind1=" " ind2=" ">
    <subfield code="a">n   </subfield>
    <subfield code="b">n</subfield>
  </datafield>
  <datafield tag="999" ind1=" " ind2=" ">
    <subfield code="c">14489</subfield>
    <subfield code="d">14489</subfield>
  </datafield>
  <datafield tag="952" ind1=" " ind2=" ">
    <subfield code="0">0</subfield>
    <subfield code="1">0</subfield>
    <subfield code="2">ddc</subfield>
    <subfield code="4">0</subfield>
    <subfield code="7">0</subfield>
    <subfield code="8">LA</subfield>
    <subfield code="a">BPMOS</subfield>
    <subfield code="b">BPMOS</subfield>
    <subfield code="d">2022-10-10</subfield>
    <subfield code="e">Compra BPSJBM 2022</subfield>
    <subfield code="i">NT</subfield>
    <subfield code="l">4</subfield>
    <subfield code="o">AN ITUb</subfield>
    <subfield code="p">MOS502647</subfield>
    <subfield code="r">2024-02-01</subfield>
    <subfield code="s">2024-01-15</subfield>
    <subfield code="t">EJ. 1</subfield>
    <subfield code="w">2022-10-10</subfield>
    <subfield code="y">BKLIT</subfield>
    <subfield code="z">Quince d&#xED;as</subfield>
  </datafield>
  <datafield tag="952" ind1=" " ind2=" ">
    <subfield code="0">0</subfield>
    <subfield code="1">0</subfield>
    <subfield code="2">ddc</subfield>
    <subfield code="4">0</subfield>
    <subfield code="7">0</subfield>
    <subfield code="8">LA</subfield>
    <subfield code="a">BPMOS</subfield>
    <subfield code="b">BPMOS</subfield>
    <subfield code="c">FIC</subfield>
    <subfield code="d">2023-03-07</subfield>
    <subfield code="e">Donaci&#xF3;n</subfield>
    <subfield code="i">NT</subfield>
    <subfield code="l">3</subfield>
    <subfield code="o">AN ITUb</subfield>
    <subfield code="p">MOS503027</subfield>
    <subfield code="r">2025-06-05</subfield>
    <subfield code="s">2025-05-15</subfield>
    <subfield code="t">Ej. 2</subfield>
    <subfield code="w">2023-03-07</subfield>
    <subfield code="y">BKLIT</subfield>
    <subfield code="z">Quince d&#xED;as</subfield>
  </datafield>
</record>
